La morphologie : Forme et sens des mots du français (notice n° 2083578)
[ vue normale ]
| 000 -LEADER | |
|---|---|
| fixed length control field | 01279cam a2200133 4500500 |
| 005 - DATE AND TIME OF LATEST TRANSACTION | |
| control field | 20260405005423.0 |
| 041 ## - LANGUAGE CODE | |
| Language code of text/sound track or separate title | fre |
| 042 ## - AUTHENTICATION CODE | |
| Authentication code | dc |
| 100 10 - MAIN ENTRY--PERSONAL NAME | |
| Personal name | Huot, Hélène |
| Relator term | author |
| 245 00 - TITLE STATEMENT | |
| Title | La morphologie : Forme et sens des mots du français |
| 260 ## - PUBLICATION, DISTRIBUTION, ETC. | |
| Name of publisher, distributor, etc. | Armand Colin,<br/> |
| Date of publication, distribution, etc. | 2006.<br/> |
| 520 ## - SUMMARY, ETC. | |
| Summary, etc. | Plus des deux tiers des mots du français moderne proviennent du latin, selon une double voie de transmission, populaire et savante. Quelle forme ces mots ont-ils aujourd'hui ? Et pour ceux d'entre eux qui sont construits, c'est-à-dire formés d'une suite d'éléments différents, quels sont ces éléments constitutifs ? Dans quel ordre et selon quels principes ceux-ci sont-ils assemblés, et comment fonctionnent-ils à l'intérieur d'un système de création incessante de mots nouveaux ? En quoi enfin la forme de ces mots nous renseigne-t-elle sur leur interprétation ? Ce sont toutes ces questions - objet de la morphologie - qui sont ici successivement étudiées, dans une optique résolument synchronique, et en des termes tout à fait accessibles. Elles sont illustrées d'une série d'exemples commentés ou rassemblés en listes et tableaux ordonnés. |
| 856 41 - ELECTRONIC LOCATION AND ACCESS | |
| Uniform Resource Identifier | <a href="https://shs.cairn.info/la-morphologie--9782200269708?lang=fr&redirect-ssocas=7080">https://shs.cairn.info/la-morphologie--9782200269708?lang=fr&redirect-ssocas=7080</a> |
Pas d'exemplaire disponible.




Réseaux sociaux